| 000 | 01024cab a22002175a 4500 | ||
|---|---|---|---|
| 001 | L145130 | ||
| 008 | 080909e20080906xxk f 000 0 eng d | ||
| 035 | _a(Sirsi) u145130 | ||
| 041 | 0 | _aeng | |
| 100 | 1 | _aBriant, Julian | |
| 245 | 0 | 0 | _aSpeculation is the name of the game |
| 260 | _c2008 | ||
| 490 |
_aEstates Gazette _v(0835) 6 September 2008, 140(1) |
||
| 520 | _aArticle discusses regulated tenancies and posits that they can be a suitable part of a portfolio of property investments if the investor is willing to speculate to some degree. Discusses the fact that the average age of tenants is over 60 and suggests that, as a result, it may be some time before the landlord can gain possession of the property. Investment risks and grounds for eviction are also covered briefly. | ||
| 650 | 2 | 4 | _aHOUSING ACT 1988 |
| 650 | 2 | 4 | _aRENT ACT 1977 |
| 651 | 4 |
_aUnited Kingdom _y |
|
| 690 | _aPROPERTY-RESIDENTIAL PROPERTY-RESIDENTIAL LANDLORD AND TENANT-RESIDENTIAL TENANCIES | ||
| 700 | 1 | _aBaynes, Nick | |
| 942 | _n0 | ||
| 999 |
_c80718 _d80718 |
||